[Event "GER-chT Christmas U16 Steinitz"]
[Site "Playchess.com INT"]
[Date "2020.12.28"]
[Round "7.4"]
[White "De Veer, Jonathan"]
[Black "Tao, Alexander"]
[Result "0-1"]
[WhiteElo "946"]
[BlackElo "1630"]
[PlyCount "44"]
[EventDate "2020.12.28"]
[EventType "team-swiss (blitz)"]
[EventRounds "7"]
[EventCountry "GER"]
[SourceTitle "CBM 200 Extra"]
[Source "ChessBase"]
[SourceDate "2021.03.31"]
[SourceVersion "1"]
[SourceVersionDate "2021.03.31"]
[SourceQuality "1"]
[WhiteTeam "Oberschoeneweide"]
[BlackTeam "Blankenese"]
[WhiteTeamCountry "GER"]
[BlackTeamCountry "GER"]

1. e4 e5 2. Nf3 Nc6 3. Bc4 Bc5 4. c3 Nf6 5. d4 exd4 6. e5 d5 7. exf6 dxc4 8. cxd4 Nxd4 9. Nxd4 Qxd4 10. 0-0 Qxf6 11. Qe2+ Be6 12. Nd2 0-0-0 13. Nf3 Bd6 14. Bg5 Qg6 15. Bxd8 Rxd8 16. g3 Qh5 17. Qe3 Bc5 18. Qc3 Rd3 19. Qxg7 Qxf3 20. Qg8+ Rd8 21. Qg5 Bh3 22. Qxc5 Qg2# 0-1